| 000 | 01073nam a22002055i 4500 | ||
|---|---|---|---|
| 001 | 154475 | ||
| 003 | ES-MaACL | ||
| 005 | 20230906205738.0 | ||
| 008 | 000119s1875 sp |||| | spa d | ||
| 040 |
_aCAM _bspa _cCAM |
||
| 100 | 1 |
_aGómez Trigo, Gaspar. _9127707 |
|
| 245 | 1 | 4 |
_aLas nueve de la noche _b: zarzuela en tres actos / _ccompuesta por Gaspar Gómez Trigo y Francisco Bermejo Caballero ; música de los maestros Manuel Fernández Caballero y José Casares. |
| 260 |
_aMadrid : _b[s.n.], _c1875 ( _eImprenta de Manuel G. Fernández) |
||
| 300 |
_a80 p. ; _c19 cm. |
||
| 500 | 1 | _aRepresentada por primera vez en el Teatro de la Zarzuela el 19 de octubre de 1875. | |
| 700 | 2 | 1 |
_aBermejo Caballero, Francisco. _9125939 |
| 700 | 0 |
_aFernández Caballero, Manuel. _949531 |
|
| 700 | 1 |
_aCasares, José. _9126370 |
|
| 852 |
_aES-MaACL _jF-8552(2) _z-- Enc. pasta española _z-- An. ms.: ded. de Francisco Bermejo Caballero a Julia Ganet _q-- Falto de la cub. original _z-- Enc. en un vol. facticio, formando parte de la col. facticia "Teatro español moderno", v.4 |
||
| 999 |
_c154475 _d154475 |
||